000 00609cam a2200145 4500500
005 20251228093427.0
041 _afre
042 _adc
100 1 0 _aCirac, Stéphanie
_eauthor
245 0 0 _aIvan Savick´Y Osudová setkáníâeši v Rusku a Rusové v âechách, 1914-1938 Tchèques en Russie et Russes en Bohême, 1914-1938] Prague : Academia, 1999, 272p.
260 _c2005.
500 _a55
786 0 _nCahiers du monde russe | Vol 46 | 4 | 2005-11-01 | p. 859zr-990zr | 1252-6576
856 4 1 _uhttps://shs.cairn.info/revue-cahiers-du-monde-russe-2005-4-page-859zr?lang=fr&redirect-ssocas=7080
999 _c1604370
_d1604370